An investigation into the stylistic devices commonly used in “de men phieu luu ky” and their english translational equivalents in “diary of a cricket” /

This thesis focused on identifying and analyzing stylistic devices commonly used in “De men phieu luu ky” by To Hoai and their English translational equivalents in “Diary of a Cricket” by Dang The Binh to discover their similarities and differences of using stylistic devices in two works. The data o...

সম্পূর্ণ বিবরণ

সংরক্ষণ করুন:
গ্রন্থ-পঞ্জীর বিবরন
প্রধান লেখক: Vũ, Thị Bích Ngọc
অন্যান্য লেখক: Lưu Quý Khương (supervisor.)
বিন্যাস: গবেষণাপত্র গ্রন্থ
ভাষা:English
প্রকাশিত: ĐHĐN : ĐHĐN. 2015
বিষয়গুলি:
ট্যাগগুলো: ট্যাগ যুক্ত করুন
কোনো ট্যাগ নেই, প্রথমজন হিসাবে ট্যাগ করুন!
Thư viện lưu trữ: Mạng thư viện Đại học Đà Nẵng
LEADER 04807cam a22003971a 4500
001 000035472
003 11758
005 20230110153129.0
008 160106s2015 000 eng
040 |a LNN 
041 |a eng 
082 |a 420.809  |b VU-N 
100 |a Vũ, Thị Bích Ngọc 
245 3 |a An investigation into the stylistic devices commonly used in “de men phieu luu ky” and their english translational equivalents in “diary of a cricket” /  |c Vũ Thị Bích Ngọc; Lưu Quý Khương supervisor. 
260 |c 2015  |a ĐHĐN :  |b ĐHĐN. 
300 |a 90tr . : ;  |c 30cm+. 
502 |a Masthesi thesis in social sciences and humanitites. 
520 |a This thesis focused on identifying and analyzing stylistic devices commonly used in “De men phieu luu ky” by To Hoai and their English translational equivalents in “Diary of a Cricket” by Dang The Binh to discover their similarities and differences of using stylistic devices in two works. The data of the study were collected from “De men phieu luu ky” by To Hoai and “Diary of a Cricket” by Dang The Binh. All of 400 data were described and contrastively analyzed in stylistic aspects with qualitative and quantitative approaches to yield more precise points on stylistic devices used in literary language. On the basis of contrastive analysis, we realized that stylistic devices have a strong effect on the two works and the differences of using them make the meaning change in some cases. This thesis focused on analyzing some stylistic devices commonly used in the two works “De men phieu luu ky” by To Hoai and “Diary of a cricket” by Dang The Binh namely onomatopoeia, simile, metonymy, personification, polysemy, hyperbole, reduplicative, interjections and exclamatory words, stylistic inversion, repetition and enumeration to compare the loss and gain of meaning in the process of stylistic devices translation. With the findings in the two works, some suggestions have been partly proposed to contribute to better teaching, learning English as a foreign language, specifically the awareness of learners in using stylistic devices for interpreting and writing literary works. For teaching, teacher can encourage students to apply as many stylistic devices as possible to beautify their writing. Students should know how to choose and use them properly in each speech act. Moreover, they will know how the writers use stylistic devices to understand deeply the meaningful message which the author wants to convey in literary works. 
650 |a stylistic devices commonly used in “de men phieu luu ky” and their english translational equivalents in “diary of a cricket” 
653 |a stylistic devices commonly  |a english translational equivalents 
700 |a Lưu Quý Khương  |e supervisor. 
OWN |a LNN 
902 |a Luận văn thạc sĩ 
AVA |a UDN50  |b LNN  |c English  |d 420.809 VU-N  |e available  |t Error 5001 Not defined in file expand_doc_bib_avail.  |f 1  |g 0  |h N  |i 0  |j AN  |k 1 
Z40 3 |y An investigation into the stylistic devices commonly used in “de men phieu luu ky” and their eng  |l Library of UFL  |t VIEW  |x http://catalog.udn.vn:80/F?func=service&doc_library=UDN01&local_base=UDN01&doc_number=000035472&sequence=000001&line_number=0001&func_code=DB_RECORDS&service_type=MEDIA  |f tomtat_000011866.pdf  |e pdf  |s 000579750  |k 20210809  |m NTMTHI 
Z40 3 |y An investigation into the stylistic devices commonly used in “de men phieu luu ky” and their eng  |l Library of UFL  |t VIEW  |x http://catalog.udn.vn:80/F?func=service&doc_library=UDN01&local_base=UDN01&doc_number=000035472&sequence=000002&line_number=0002&func_code=DB_RECORDS&service_type=MEDIA  |f luanvan_000011868.pdf  |e pdf  |s 000907495  |k 20210809  |m NTMTHI 
999 |a From the UDN01 
AVA |a UDN50  |b LNN  |c English  |d 420.809 VU-N  |e available  |t Error 5001 Not defined in file expand_doc_bib_avail.  |f 1  |g 0  |h N  |i 0  |j AN  |k 1 
TYP |a Dissertation 
TYP |a Monograph 
TYP |a Printed language 
856 |y An investigation into the stylistic devices commonly used in “de men phieu luu ky” and their eng  |l Library of UFL  |t VIEW  |x http://catalog.udn.vn:80/F?func=service&doc_library=UDN01&local_base=UDN01&doc_number=000035472&sequence=000001&line_number=0001&func_code=DB_RECORDS&service_type=MEDIA  |f tomtat_000011866.pdf  |e pdf  |s 000579750  |k 20210809  |m NTMTHI 
856 |y An investigation into the stylistic devices commonly used in “de men phieu luu ky” and their eng  |l Library of UFL  |t VIEW  |x http://catalog.udn.vn:80/F?func=service&doc_library=UDN01&local_base=UDN01&doc_number=000035472&sequence=000002&line_number=0002&func_code=DB_RECORDS&service_type=MEDIA  |f luanvan_000011868.pdf  |e pdf  |s 000907495  |k 20210809  |m NTMTHI 
980 |a Mạng thư viện Đại học Đà Nẵng